Truman Capote
The book is offered as a foreword to a reading of Truman Capote, an immensely talented and intelligent writer.
Đã lưu trong:
| Tác giả chính: | |
|---|---|
| Định dạng: | Sách |
| Ngôn ngữ: | Undetermined |
| Được phát hành: |
Boston, Massachusetts
G. K. Hall
1981
|
| Những chủ đề: | |
| Các nhãn: |
Thêm thẻ
Không có thẻ, Là người đầu tiên thẻ bản ghi này!
|
| Thư viện lưu trữ: | Trung tâm Học liệu Trường Đại học Cần Thơ |
|---|
| LEADER | 00644nam a2200205Ia 4500 | ||
|---|---|---|---|
| 001 | CTU_40811 | ||
| 008 | 210402s9999 xx 000 0 und d | ||
| 082 | |a 813.54 | ||
| 082 | |b R325 | ||
| 100 | |a Reed, Kenneth Terry | ||
| 245 | 0 | |a Truman Capote | |
| 245 | 0 | |c Kenneth Terry Reed | |
| 260 | |a Boston, Massachusetts | ||
| 260 | |b G. K. Hall | ||
| 260 | |c 1981 | ||
| 520 | |a The book is offered as a foreword to a reading of Truman Capote, an immensely talented and intelligent writer. | ||
| 650 | |a Capote, truman 1924 | ||
| 650 | |x Criticism and interpretation | ||
| 904 | |i Minh | ||
| 980 | |a Trung tâm Học liệu Trường Đại học Cần Thơ | ||